Parks and Recreation Character-Actor Match Quiz Stats

 Plays Quiz Updated May 16, 2016

Score 0/10 Timer 01:30
0 Plays Today
% Correct
Leslie Knope
97.9%
Ron Swanson
96.8%
Andy Dwyer
96.8%
April Ludgate
96%
Ann Perkins
95.8%
Tom Haverford
94.9%
Donna Meagle
93.8%
Chris Traeger
93.8%
Ben Wyatt
93.7%
Jerry Gergich
90.9%

You're not logged in!

Compare scores with friends on all Sporcle quizzes.
OR
Log In

You Might Also Like...

Show Comments

Extras

Top Quizzes Today


Score Distribution

Your Account Isn't Verified!

In order to create a playlist on Sporcle, you need to verify the email address you used during registration. Go to your Sporcle Settings to finish the process.

Report this User

Report this user for behavior that violates our Community Guidelines.

Details: